Artists / Singers by their Songs #9 - Statistics

General Stats
  • This quiz has been taken 300 times
  • The average score is 6 of 10
Answer Stats
Hint Answer % Correct
This Love / Payphone / Moves Like Jagger / Girls Like You Maroon 5
95%
Havana / Señorita / Bam Bam / South of the Border Camila Cabello
83%
New Rules / One Kiss / Cold Heart (Pnau remix) / Levitating Dua Lipa
78%
True Colors / Time After Time / Girls Just Want To Have Fun / She Bop Cyndi Lauper
73%
I Was Made for Lovin’ You / Rock And Roll All Nite / Detroit Rock City / Heaven's On Fire Kiss
65%
Superstition / Isn't She Lovely / For Once in My Life / Happy Birthday Stevie Wonder
61%
Lucid Dreams / Bandit / Godzilla / Come & Go Juice Wrld
57%
The Gambler / Coward of the County / Islands in the Stream / Lucille Kenny Rogers
40%
Top of the World / Close to You / Yesterday Once More / Superstar The Carpenters
23%
Sound of the Underground / I'll Stand by You / The Promise / Something Kinda Ooooh Girls Aloud
19%
No matching quizzes found
Score Distribution
Percent of People with Each Score
Percentile by Number Answered
Your Score History
You have not taken this quiz